000 00569nam a2200241 a 4500
001 nice12345678
003 IN_TiNIC
005 20260116011635.0
008 050524s1976 lona grp 000 0 eng
020 _a070623
_c100
082 0 0 _a294
_bCRO
100 _aCrompton, Yorke
245 _aHinduism,
260 _aLondon
_bWard Lock Educational Limited
_c1976
300 _a48p
500 _aincludes index and biblioraphy
505 2 _aindex
650 _aHinduism
700 1 _aCrompton, Yorke
902 _bSRS
942 _cBK
999 _c3053
_d3053